<?xml version="1.0" encoding="UTF-8"?>
<record
    xmlns:xsi="http://www.w3.org/2001/XMLSchema-instance"
    xsi:schemaLocation="http://www.loc.gov/MARC21/slim http://www.loc.gov/standards/marcxml/schema/MARC21slim.xsd"
    xmlns="http://www.loc.gov/MARC21/slim">

  <leader>00548nam a22001817a 4500</leader>
  <datafield tag="999" ind1=" " ind2=" ">
    <subfield code="c">7143</subfield>
    <subfield code="d">7143</subfield>
  </datafield>
  <controlfield tag="003">OSt</controlfield>
  <controlfield tag="005">20240610140958.0</controlfield>
  <controlfield tag="008">180626s2018    sp a   | |||| 000 0 spa d</controlfield>
  <datafield tag="020" ind1=" " ind2=" ">
    <subfield code="a">9788441540019</subfield>
  </datafield>
  <datafield tag="040" ind1=" " ind2=" ">
    <subfield code="a">SpMaBN</subfield>
    <subfield code="b">spa</subfield>
    <subfield code="c">CDMR</subfield>
  </datafield>
  <datafield tag="100" ind1="1" ind2=" ">
    <subfield code="a">Gonz&#xE1;lez, Phil</subfield>
  </datafield>
  <datafield tag="245" ind1="1" ind2="0">
    <subfield code="a">Instagram y m&#xE1;s </subfield>
    <subfield code="b">: Instagram stories, live y videos </subfield>
    <subfield code="c">/ Phil Gonz&#xE1;lez - @philgonzalez</subfield>
  </datafield>
  <datafield tag="260" ind1=" " ind2=" ">
    <subfield code="a">Madrid : </subfield>
    <subfield code="b">Anaya Multimedia, </subfield>
    <subfield code="c">2018</subfield>
  </datafield>
  <datafield tag="300" ind1=" " ind2=" ">
    <subfield code="a">240 p.</subfield>
    <subfield code="b">il. col.</subfield>
    <subfield code="c">24 cm</subfield>
  </datafield>
  <datafield tag="650" ind1="0" ind2="4">
    <subfield code="a">Xarxes socials en l&#xED;nia</subfield>
    <subfield code="9">3128</subfield>
  </datafield>
  <datafield tag="650" ind1="0" ind2="0">
    <subfield code="a">Instagram</subfield>
    <subfield code="9">4683</subfield>
  </datafield>
  <datafield tag="942" ind1=" " ind2=" ">
    <subfield code="c">MON</subfield>
    <subfield code="2">udc</subfield>
  </datafield>
  <datafield tag="952" ind1=" " ind2=" ">
    <subfield code="0">0</subfield>
    <subfield code="1">0</subfield>
    <subfield code="4">0</subfield>
    <subfield code="7">0</subfield>
    <subfield code="a">CDMR</subfield>
    <subfield code="b">CDMR</subfield>
    <subfield code="d">2018-06-26</subfield>
    <subfield code="e">Intercanvi</subfield>
    <subfield code="g">22.50</subfield>
    <subfield code="l">7</subfield>
    <subfield code="m">5</subfield>
    <subfield code="o">Ca 1/51</subfield>
    <subfield code="p">CDMR18060004</subfield>
    <subfield code="r">2019-05-02</subfield>
    <subfield code="s">2019-04-01</subfield>
    <subfield code="v">22.50</subfield>
    <subfield code="w">2018-06-26</subfield>
    <subfield code="y">MON</subfield>
  </datafield>
  <datafield tag="952" ind1=" " ind2=" ">
    <subfield code="0">0</subfield>
    <subfield code="1">0</subfield>
    <subfield code="4">0</subfield>
    <subfield code="7">0</subfield>
    <subfield code="a">CDMR</subfield>
    <subfield code="b">CDMR</subfield>
    <subfield code="d">2018-07-05</subfield>
    <subfield code="e">Intercanvi</subfield>
    <subfield code="g">22.50</subfield>
    <subfield code="l">8</subfield>
    <subfield code="m">6</subfield>
    <subfield code="o">Ca 1/48</subfield>
    <subfield code="p">CDMR18071617</subfield>
    <subfield code="r">2019-11-27</subfield>
    <subfield code="s">2019-11-11</subfield>
    <subfield code="v">22.50</subfield>
    <subfield code="w">2018-07-05</subfield>
    <subfield code="y">MON</subfield>
  </datafield>
</record>
